000 00755nam a2200229 a 4500
005 20250620063836.0
008 060209s1983 es r 000 0 spa d
020 _a8474233429
035 _aUPN01000142148
049 _aCG
050 4 _aGN761
_bB5.38
100 1 _aBinford, Lewis R.,
_d1930-
245 1 0 _aEn busca del pasado :
_bdescifrando el registro arqueológico /
_cLewis R. Binford ; colab. John F. Cherry y Robin Torrence ; tr. Pepa Gasull.
260 _aBarcelona, Esp. :
_bCrítica,
_c1983.
300 _a283 p. :
_bil.
440 0 _aCritica :
_pArqueología
650 4 _aArqueología
_97950
650 0 _aAntropología prehistórica
_94799
700 1 _aCherry, John F.,
_ecolab.
700 1 _aTorrence, Robin,
_ecolab.
905 _aLibro
999 _c114295
_d114295